| 000 | 00837nam a22002897a 4500 | ||
|---|---|---|---|
| 001 | 8021 | ||
| 003 | FISKH | ||
| 005 | 20251201141007.0 | ||
| 008 | 250819b cb ||||| |||| 00| 0 eng d | ||
| 020 | _a9780590121224 | ||
| 040 |
_aFISKH _beng _cFISKH _dFISKH |
||
| 050 | _aQC966 .S56 | ||
| 082 | _a551.319 | ||
| 100 |
_aSimon, Seymour _d(1931-) |
||
| 245 |
_aLighning / _cBy Seymour Simon |
||
| 250 | _aThis edition first published in 1997 | ||
| 260 |
_aNew York : _bScholastic, _c1997 |
||
| 300 |
_a31 unnumbered pages : _bcolor illustrations ; _c23 cm |
||
| 505 | _aR | ||
| 520 | _aPhotographs and text explore the natural phenomenon of lightning. | ||
| 521 | 8 |
_a690
_bLexile |
|
| 521 | 8 |
_aR
_bRaz-Plus |
|
| 650 |
_2Non-fiction _aWeather |
||
| 650 |
_2Lightning _aMeteorology |
||
| 942 |
_2ddc _cBK _n0 |
||
| 999 |
_c8021 _d8021 |
||